000 00677nam a2200181 i 4500
001 27069
003 ES-MaACL
005 20230906153544.0
007 t|
008 030113s1968 sp f |||| | spa d
110 1 _aMadrid.
_bAyuntamiento
_9234069
245 1 0 _aConferencias leídas en los días 2 a 16 y 23 de mayo, con motivo de la conmemoración del cincuentenario de la Hemeroteca Municipal (1918-1968) /
_cAyuntamiento de Madrid.
260 _aMadrid :
_bArtes Gráf. Municipales,
_c1968.
300 _a126 p., 8 lám. ;
_c22 cm.
610 2 4 _aHemeroteca Municipal de Madrid-
_vAniversarios y centenarios.
_9169775
852 _aES-MaACL
_jE-6317
999 _c27069
_d27069